Municipios actuales del Reino de Murcia en un mapa - Estadísticas

Estadísticas generales
  • Esta prueba ha sido intentada 22 veces
  • La puntuación promedio es 46 de 84
Respuestas en el mapa
Las respuestas están codificadas por una escala verde-roja en el mapa de la prueba según el % correcto abajo.
 
Estadísticas de respuestas
Respuesta % Correcto
Cartagena
100%
Murcia
100%
Caravaca de la Cruz
94%
Lorca
94%
Águilas
88%
Albacete
88%
Cieza
88%
Hellín
88%
San Javier
88%
Alcantarilla
82%
Almansa
82%
Moratalla
82%
Calasparra
76%
La Unión
76%
Los Alcázares
76%
Mazarrón
76%
Molina de Segura
76%
Torre Pacheco
76%
Totana
76%
Yecla
76%
Abarán
71%
Blanca
71%
Fortuna
71%
Fuente-Álamo
71%
Fuente Álamo de Murcia
71%
Lorquí
71%
Puerto Lumbreras
71%
San Pedro del Pinatar
71%
Villanueva del Río Segura
71%
Villena
71%
Alhama de Murcia
65%
Archena
65%
Beniel
65%
Bullas
65%
Cehegín
65%
Ceutí
65%
Mula
65%
Ojós
65%
Yeste
65%
Chinchilla de Montearagón
59%
Nerpio
59%
Pliego
59%
Sax
59%
Albudeite
53%
Alguazas
53%
Las Torres de Cotillas
53%
Letur
53%
Ricote
53%
Santomera
53%
Ulea
53%
Abanilla
47%
Campos del Río
47%
Elche de la Sierra
47%
Librilla
47%
Liétor
47%
Tobarra
47%
La Gineta
41%
Socovos
41%
Aledo
35%
Alpera
35%
Balsa de Ves
35%
Bonete
35%
Ontur
35%
Salinas
35%
Albatana
29%
Férez
29%
Higueruela
29%
Hoya-Gonzalo
29%
Montealegre del Castillo
29%
Pétrola
29%
Pozo Cañada
29%
Villarrodrigo
29%
Carcelén
24%
Cotillas
24%
Orcera
24%
Segura de la Sierra
24%
Siles
24%
Villa de Ves
24%
Benatae
18%
Corral-Rubio
18%
Génave
18%
Hornos
18%
Santiago-Pontones
18%
Torres de Albanchez
18%
No se encontraron pruebas coincidentes
Distribución de puntuación
Porcentaje de gente con cada puntuación
Porcentaje por número respondido
Historial de tus puntuaciones
No has intentado esta prueba.